00528nam a22001817a 450000500170000001000150001702000250003203500140005703700090007108200100008010000170009024500760010726000450018327000490022830000270027770000230030470000190032720220317113029.0 aENG-132015 a978819506330c210.00 aEN-115547 bDBAD a519.5 aSudhakar, A. aBusiness Statistics-I/cA Sudhakar, Saumya Chaturvedi and V. Karunasree aNew DelhibNational Publsihing Co.c2021 a1, Ansari Road, DaryaganjbNew Delhie110002 aviii, 220p.c24cm(pbk) aChaturvedi, Saumya aKarunasree, V.